हिंदी- सिंधी-अंग्रेजी त्रिभाषा कोश / (Record no. 122169)
[ view plain ]
| 000 -LEADER | |
|---|---|
| fixed length control field | 01202nam a22002537a 4500 |
| 010 ## - LIBRARY OF CONGRESS CONTROL NUMBER | |
| LC control number | A-458570 |
| 020 ## - INTERNATIONAL STANDARD BOOK NUMBER | |
| Terms of availability | 74.00 |
| 035 ## - SYSTEM CONTROL NUMBER | |
| System control number | A-458570 |
| 037 ## - SOURCE OF ACQUISITION | |
| Stock number | Cen Lib / Ret |
| 040 ## - CATALOGING SOURCE | |
| Original cataloging agency | DPL |
| Language of cataloging | HN |
| 082 ## - DEWEY DECIMAL CLASSIFICATION NUMBER | |
| Classification number | 423.8 |
| Item number | भारत |
| 245 ## - TITLE STATEMENT | |
| Title | हिंदी- सिंधी-अंग्रेजी त्रिभाषा कोश / |
| 246 ## - VARYING FORM OF TITLE | |
| Title proper/short title | Hindi-Sindhi-English Trilingual Dictionary / |
| 260 ## - PUBLICATION, DISTRIBUTION, ETC. (IMPRINT) | |
| Place of publication, distribution, etc | नई दिल्ली |
| Name of publisher, distributor, etc | केंदीय हिंदी निदेशालय |
| Date of publication, distribution, etc | 1986 |
| 270 ## - ADDRESS | |
| Address | शिक्षा विभाग, मानव संसाधन विकास मंत्रालय, पश्चिमी खण्ड-7 रामकृष्णपुरम |
| City | नई दिल्ली |
| Postal code | 110066 |
| 300 ## - PHYSICAL DESCRIPTION | |
| Extent | v 1. 10007 ; v 3. 404p. |
| Other physical details | 24cm |
| 490 ## - SERIES STATEMENT | |
| Series statement | त्रिभाषा कोशमाला |
| Volume number/sequential designation | 8 |
| 505 ## - FORMATTED CONTENTS NOTE | |
| Formatted contents note | v 2. अ-छ v 3. व-ह |
| 650 ## - SUBJECT ADDED ENTRY--TOPICAL TERM | |
| Topical term or geographic name as entry element | हिंदी--कन्नड़--इंग्लिश शब्दकोष |
| 650 ## - SUBJECT ADDED ENTRY--TOPICAL TERM | |
| Topical term or geographic name as entry element | हिंदी--शब्दकोष |
| 650 ## - SUBJECT ADDED ENTRY--TOPICAL TERM | |
| Topical term or geographic name as entry element | Hindi--Kannad --english-- Dictionary |
| 650 ## - SUBJECT ADDED ENTRY--TOPICAL TERM | |
| Topical term or geographic name as entry element | Hindi -- Dictionary |
| 942 ## - ADDED ENTRY ELEMENTS (KOHA) | |
| Source of classification or shelving scheme | Dewey Decimal Classification |
| Koha item type | Hindi Books |
| Classification part | 423.8 |
| Call number suffix | भारत |
| Withdrawn status | Lost status | Materials specified (bound volume or other part) | Damaged status | Not for loan | Collection code | Home library | Current library | Date acquired | Source of acquisition | Cost, normal purchase price | Total Checkouts | Full call number | Barcode | Date last seen | Cost, replacement price | Price effective from | Koha item type |
|---|---|---|---|---|---|---|---|---|---|---|---|---|---|---|---|---|---|
| v.2 | Not For Loan | Reference | Central Library | Central Library | 05/03/2016 | Cen Lib/Ret | 17.00 | 423.8 भारत | A-458570 | 05/03/2016 | 17.00 | 05/03/2016 | Hindi Books | ||||
| v.3 | Not For Loan | Reference | Central Library | Central Library | 05/03/2016 | Cen Lib/Ret | 17.00 | 423.8 भारत | A-458571 | 05/03/2016 | 17.00 | 05/03/2016 | Hindi Books |
